00000000nam 2200000za 4500
0019.697767
003CaOODSP
00520250218113520
007cr |||||||||||
008150407|2009||||xxc|||||o    f|0| 0 eng d
040 |aCaOODSP|beng
043 |an-cn---
0861 |aT29-1/2009E-PDF
1101 |aCanada.|bTransport Canada. |bMarine Safety.
24510|aGuidelines for navigation under the Confederation Bridge |h[electronic resource]
250 |aRevision 1
260 |aDartmouth - Nova Scotia : |bTransport Canada. |cc2003, revised: December 2009.
300 |a11p.|bfig., table
590 |a13-11-Supp|b2013-04-26
69007|aBridges|2gcpds
69007|aNavigation|2gcpds
77508|tLignes directrices relatives à la navigation sous le pont de la confédération |w(CaOODSP)9.641788
794 |tGuidelines for navigation under the Confederation Bridge.|b2024|w(CaOODSP)9.946101
85640|ahttp://publications.gc.ca|qPDF|s125 KB|uhttps://publications.gc.ca/collections/collection_2013/tc/T29-1-2009-eng.pdf
986 |aTP 13681E (12/2009)